Pracheen Bharat ki sabhyata ka itihas (Record no. 101139)

MARC details
000 -LEADER
fixed length control field 00408nam a2200157Ia 4500
008 - FIXED-LENGTH DATA ELEMENTS--GENERAL INFORMATION
fixed length control field 230917s9999||||xx |||||||||||||| ||und||
040 ## - CATALOGING SOURCE
-- 159012
Original cataloging agency VIVEKANANDA LIBRARY
041 ## - Language
-- English
082 ## - DDC NUMBER
Classification number 954.01 D954P
100 ## - MAIN ENTRY--PERSONAL NAME
Personal name Dutt, Ramesh Chander
245 #0 - TITLE STATEMENT
Title Pracheen Bharat ki sabhyata ka itihas
250 ## - EDITION STATEMENT
Edition statement 2nd ed.
260 ## - PUBLICATION, DISTRIBUTION, ETC. (IMPRINT)
Place of publication, distribution, etc Allahabad
Name of publisher, distributor, etc Itihas Prakashan Sansthan
Date of publication, distribution, etc 1966
300 ## - PHYSICAL DESCRIPTION
Pages 608 p.
942 ## - ADDED ENTRY ELEMENTS (KOHA)
Koha item type Books
Holdings
Withdrawn status Lost status Damaged status Not for loan Location (home branch) Sublocation or collection (holding branch) Shelving location Date acquired Koha issues (times borrowed) Koha full call number Accession No. Koha date last seen Koha item type
        VIVEKANANDA LIBRARY VIVEKANANDA LIBRARY History Department 30/07/2010   954.01 D954P 18483 17/09/2023 Books
© Designed and Maintained by Vivekananda Library, MDU Rohtak